[Event "Copenhagen BSF GM"]
[Site "Copenhagen"]
[Date "2012.10.14"]
[Round "5"]
[White "Andersen, Mads"]
[Black "Glud, Jakob Vang"]
[Result "1-0"]
[WhiteElo "2461"]
[BlackElo "2520"]
[PlyCount "85"]
[EventDate "2012.10.12"]
[EventType "tourn"]
[EventRounds "9"]
[EventCountry "DEN"]
[EventCategory "9"]
[SourceTitle "EXT 2013"]
[Source "ChessBase"]
[SourceDate "2012.11.22"]

1. c4 Nf6 2. Nf3 e6 3. g3 a6 4. Nc3 d5 5. cxd5 exd5 6. Bg2 Be7 7. O-O O-O 8. d4
Nbd7 9. Ne5 c6 10. f4 Ne8 11. e4 dxe4 12. Nxe4 Nd6 13. Nc3 Nf6 14. Be3 Be6 15.
Re1 Nb5 16. Bf2 Bb4 17. Rc1 Rc8 18. g4 Nd6 19. Bh4 h6 20. Re3 Nb5 21. f5 Bxc3
22. bxc3 Bd5 23. Bf1 c5 24. dxc5 Bc6 25. Qxd8 Rfxd8 26. a4 Na7 27. Rb1 Re8 28.
Nxc6 Rxe3 29. Nxa7 Rc7 30. Bg3 Rd7 31. c6 bxc6 32. Nxc6 Rxc3 33. Ne5 Ra7 34.
Rb8+ Kh7 35. Rf8 Rcc7 36. h4 Ne4 37. Bf4 Nd6 38. Ng6 Nxf5 39. gxf5 fxg6 40.
Bxc7 Rxc7 41. Bxa6 Rc5 42. fxg6+ Kxg6 43. Bd3+ 1-0

[Event "Copenhagen BSF GM"]
[Site "Copenhagen"]
[Date "2012.10.13"]
[Round "3"]
[White "Andersen, Mads"]
[Black "Mikkelsen, Nikolaj"]
[Result "1-0"]
[WhiteElo "2461"]
[BlackElo "2431"]
[PlyCount "61"]
[EventDate "2012.10.12"]
[EventType "tourn"]
[EventRounds "9"]
[EventCountry "DEN"]
[EventCategory "9"]
[SourceTitle "EXT 2013"]
[Source "ChessBase"]
[SourceDate "2012.11.22"]

1. d4 Nf6 2. c4 c5 3. d5 e6 4. Nc3 exd5 5. cxd5 d6 6. Nf3 g6 7. Bf4 Bg7 8. Qa4+
Bd7 9. Qb3 Qc7 10. e4 O-O 11. Nd2 Re8 12. Be2 Na6 13. O-O Rab8 14. Rfe1 b5 15.
Nxb5 Bxb5 16. Bxb5 Nh5 17. Be3 Red8 18. Qa4 Nb4 19. a3 Nc2 20. Qxc2 Rxb5 21.
Rab1 Rdb8 22. b4 Be5 23. g3 Qc8 24. bxc5 Qh3 25. Rxb5 Rxb5 26. Nc4 f5 27. Nxe5
dxe5 28. Qc4 Rb8 29. d6+ Kg7 30. Qf1 Qg4 31. f3 1-0

[Event "Copenhagen BSF GM"]
[Site "Copenhagen"]
[Date "2012.10.12"]
[Round "1"]
[White "Andersen, Mads"]
[Black "Skytte, Rasmus"]
[Result "1-0"]
[WhiteElo "2461"]
[BlackElo "2406"]
[PlyCount "45"]
[EventDate "2012.10.12"]
[EventType "tourn"]
[EventRounds "9"]
[EventCountry "DEN"]
[EventCategory "9"]
[SourceTitle "EXT 2013"]
[Source "ChessBase"]
[SourceDate "2012.11.22"]

1. e4 e6 2. d4 d5 3. Nc3 Nf6 4. e5 Nfd7 5. f4 c5 6. Nf3 Nc6 7. Be3 Be7 8. Qd2
O-O 9. Be2 b6 10. O-O f5 11. exf6 Nxf6 12. Kh1 a6 13. Rad1 Qc7 14. Bg1 Bd6 15.
f5 c4 16. fxe6 b5 17. Ng5 Ne7 18. Qe3 Bb7 19. Qh3 Ng6 20. Be3 Bc6 21. Bh5 Nf4
22. Bf7+ Kh8 23. Qh4 1-0

[Event "Copenhagen BSF GM"]
[Site "Copenhagen"]
[Date "2012.10.15"]
[Round "7"]
[White "Andersen, Mads"]
[Black "Svane, Rasmus"]
[Result "1-0"]
[WhiteElo "2461"]
[BlackElo "2394"]
[PlyCount "95"]
[EventDate "2012.10.12"]
[EventType "tourn"]
[EventRounds "9"]
[EventCountry "DEN"]
[EventCategory "9"]
[SourceTitle "EXT 2013"]
[Source "ChessBase"]
[SourceDate "2012.11.22"]

1. c4 e6 2. g3 d5 3. Nf3 dxc4 4. Qa4+ Nd7 5. Bg2 a6 6. Qxc4 b5 7. Qb3 Bb7 8.
O-O Ngf6 9. Nc3 Be7 10. d3 O-O 11. a4 b4 12. Nd1 a5 13. Qc2 Nb6 14. b3 Nfd7 15.
Bd2 c5 16. Rc1 Qc7 17. Nb2 Rfc8 18. e4 Ne5 19. Nxe5 Qxe5 20. Bf4 Qd4 21. Rfd1
Qd7 22. Be3 Bf6 23. Nc4 Nxc4 24. dxc4 Qc6 25. f4 Be7 26. e5 Qxg2+ 27. Qxg2 Bxg2
28. Kxg2 Rd8 29. Kf3 Kf8 30. g4 Ke8 31. f5 Rac8 32. Ke4 Rxd1 33. Rxd1 Rd8 34.
Rxd8+ Kxd8 35. f6 gxf6 36. exf6 Bf8 37. Bf4 Kd7 38. g5 Kc6 39. h4 Kd7 40. h5
Kd8 41. Be5 Kd7 42. Kf4 Kd8 43. Kg4 Kd7 44. g6 hxg6 45. hxg6 fxg6 46. Kg5 Kd8
47. Kxg6 Ke8 48. Bf4 1-0

[Event "Copenhagen BSF GM"]
[Site "Copenhagen"]
[Date "2012.10.16"]
[Round "8"]
[White "Danielsen, Henrik"]
[Black "Hagen, Andreas Skytte"]
[Result "1/2-1/2"]
[WhiteElo "2524"]
[BlackElo "2416"]
[PlyCount "134"]
[EventDate "2012.10.12"]
[EventType "tourn"]
[EventRounds "9"]
[EventCountry "DEN"]
[EventCategory "9"]
[SourceTitle "EXT 2013"]
[Source "ChessBase"]
[SourceDate "2012.11.22"]

1. g3 g6 2. Bg2 Bg7 3. c4 Nf6 4. Nc3 O-O 5. d4 Nc6 6. e3 a6 7. Nge2 Rb8 8. b3
b5 9. O-O Na5 10. c5 Bb7 11. Bxb7 Rxb7 12. Bd2 Nc6 13. d5 Ne5 14. b4 c6 15. e4
a5 16. a3 Ra7 17. Rb1 Nc4 18. Bc1 Qa8 19. a4 bxa4 20. b5 cxb5 21. Rxb5 e6 22.
Qxa4 exd5 23. exd5 Ne5 24. Rd1 Re8 25. Bf4 h6 26. Rb6 Ra6 27. Bxe5 Rxe5 28. Qb5
Rxb6 29. cxb6 Re8 30. b7 Qa7 31. Rb1 Rb8 32. Qb6 Qxb6 33. Rxb6 Ne8 34. d6 Bf8
35. Nb5 a4 36. Nec3 a3 37. Kf1 Bg7 38. Ke2 Bxc3 39. Nxc3 Ng7 40. Kd2 Ne6 41.
Kc2 Nc5 42. Rb5 Nxb7 43. Kb1 Rc8 44. Ne4 f5 45. Rxb7 fxe4 46. Rxd7 Rf8 47. g4
Rxf2 48. Re7 a2+ 49. Ka1 Rd2 50. d7 e3 51. h4 e2 52. Rxe2 Rxd7 53. Kxa2 Kf7 54.
Kb3 Rd3+ 55. Kc4 Rh3 56. Rf2+ Ke6 57. h5 gxh5 58. gxh5 Rxh5 59. Kd3 Re5 60. Re2
h5 61. Rxe5+ Kxe5 62. Ke3 h4 63. Kf3 Kf5 64. Kg2 Kg4 65. Kh2 h3 66. Kg1 Kg3 67.
Kh1 h2 1/2-1/2

[Event "Copenhagen BSF GM"]
[Site "Copenhagen"]
[Date "2012.10.15"]
[Round "6"]
[White "Danielsen, Henrik"]
[Black "Mikkelsen, Nikolaj"]
[Result "0-1"]
[WhiteElo "2524"]
[BlackElo "2431"]
[PlyCount "105"]
[EventDate "2012.10.12"]
[EventType "tourn"]
[EventRounds "9"]
[EventCountry "DEN"]
[EventCategory "9"]
[SourceTitle "EXT 2013"]
[Source "ChessBase"]
[SourceDate "2012.11.22"]

1. c4 e5 2. g3 Nc6 3. Bg2 g6 4. Nc3 Bg7 5. Rb1 a5 6. d3 d6 7. e3 Nge7 8. Nge2
Be6 9. Nd5 Nf5 10. Nec3 Nb4 11. a3 Na6 12. b4 c6 13. b5 Nb8 14. bxc6 bxc6 15.
Nb6 Ra7 16. Bd2 O-O 17. Nca4 Ra6 18. Qb3 h5 19. h4 Bh6 20. Qb2 Re8 21. Bf3 Kh7
22. Kf1 Rg8 23. Nc3 Qe7 24. Ne4 f6 25. Nc3 Bf7 26. Be4 Qe6 27. Qb3 Ne7 28. Qb2
Ra7 29. Nca4 f5 30. Bg2 g5 31. hxg5 Rxg5 32. Nc8 Nxc8 33. Qxb8 Qd7 34. c5 Rg8
35. Bh3 Be6 36. Bg2 Ba2 37. Rb2 Bf7 38. Bf3 Bg7 39. Bxh5 Bxh5 40. Rxh5+ Kg6 41.
Qb3 d5 42. Rh2 f4 43. exf4 exf4 44. Bxf4 Bxb2 45. Qxb2 Qf5 46. Qd4 Rh7 47. Rxh7
Kxh7 48. Qe3 Qg6 49. Nb6 Re8 50. Qf3 Qf5 51. g4 Qe6 52. Kg2 Ne7 53. Qh3+ 0-1

[Event "Copenhagen BSF GM"]
[Site "Copenhagen"]
[Date "2012.10.12"]
[Round "1"]
[White "Glud, Jakob Vang"]
[Black "Danielsen, Henrik"]
[Result "1-0"]
[WhiteElo "2520"]
[BlackElo "2524"]
[PlyCount "115"]
[EventDate "2012.10.12"]
[EventType "tourn"]
[EventRounds "9"]
[EventCountry "DEN"]
[EventCategory "9"]
[SourceTitle "EXT 2013"]
[Source "ChessBase"]
[SourceDate "2012.11.22"]

1. Nf3 d6 2. d4 Nf6 3. g3 Nbd7 4. Bg2 e5 5. O-O Be7 6. dxe5 dxe5 7. b3 O-O 8.
Bb2 e4 9. Ne5 Re8 10. Nc4 Nc5 11. Nc3 Bf5 12. Ne3 Bg6 13. Ncd5 Nxd5 14. Nxd5
Bf8 15. Ne3 c6 16. Qe1 Be7 17. Rd1 Qc7 18. Qc3 Ne6 19. Qe5 Qxe5 20. Bxe5 Bc5
21. Nc4 Rad8 22. e3 Ng5 23. Bc7 Rd5 24. Bd6 Bh5 25. Rxd5 cxd5 26. Bxc5 dxc4 27.
Bxa7 Ra8 28. Bd4 Rxa2 29. Ra1 Rxa1+ 30. Bxa1 cxb3 31. cxb3 Bf3 32. h4 Ne6 33.
Bh3 Nd8 34. Kf1 h5 35. Ke1 f6 36. Bd4 Bg4 37. Bg2 Bf5 38. Kd2 Kf7 39. Kc3 Ke6
40. Kc4 Kd6 41. Kb5 Bd7+ 42. Kb6 Bc6 43. Bc5+ Ke5 44. Bf1 Bd5 45. b4 g6 46.
Bd4+ Ke6 47. Kc7 Nc6 48. Bc3 f5 49. b5 Ne7 50. Bb4 Ng8 51. b6 Nf6 52. Bb5 Kf7
53. Kc8 Ng4 54. Kd7 Nxf2 55. Kd6 Bb3 56. Bc6 Ng4 57. Bxb7 Nxe3 58. Ba6 1-0

[Event "Copenhagen BSF GM"]
[Site "Copenhagen"]
[Date "2012.10.16"]
[Round "8"]
[White "Glud, Jakob Vang"]
[Black "Mikkelsen, Nikolaj"]
[Result "0-1"]
[WhiteElo "2520"]
[BlackElo "2431"]
[PlyCount "96"]
[EventDate "2012.10.12"]
[EventType "tourn"]
[EventRounds "9"]
[EventCountry "DEN"]
[EventCategory "9"]
[SourceTitle "EXT 2013"]
[Source "ChessBase"]
[SourceDate "2012.11.22"]

1. Nf3 g6 2. g3 Bg7 3. d4 Nf6 4. Bg2 O-O 5. O-O d6 6. Re1 Nbd7 7. e4 e5 8. Nc3
Re8 9. h3 c6 10. a4 a5 11. dxe5 dxe5 12. Nd2 Nb6 13. Nb3 Bf8 14. Qxd8 Rxd8 15.
Be3 Nc4 16. Bg5 Kg7 17. Bf1 Be6 18. f4 h6 19. f5 hxg5 20. fxe6 Nd2 21. Nxd2
Bc5+ 22. Kg2 Rxd2+ 23. Re2 Rad8 24. Kf3 g4+ 25. hxg4 Nh7 26. exf7 Ng5+ 27. Kg2
R2d7 28. Rae1 Rxf7 29. Rd1 Rh8 30. Rd3 Rhf8 31. Rd1 Nf3 32. g5 Rh8 33. g4 Nh4+
34. Kh2 Nf3+ 35. Kg3 Nxg5 36. Bg2 Rhf8 37. Rd3 Bf2+ 38. Kh2 Rh8+ 39. Bh3 Nf3+
40. Kg2 Ne1+ 41. Rxe1 Bxe1 42. Nd1 Bh4 43. Ne3 Rhf8 44. g5 Bxg5 45. Nc4 Rf2+
46. Kg3 Rxc2 47. Be6 Kf6 48. Na3 Rd2 0-1

[Event "Copenhagen BSF GM"]
[Site "Copenhagen"]
[Date "2012.10.15"]
[Round "6"]
[White "Glud, Jakob Vang"]
[Black "Skytte, Rasmus"]
[Result "1-0"]
[WhiteElo "2520"]
[BlackElo "2406"]
[PlyCount "85"]
[EventDate "2012.10.12"]
[EventType "tourn"]
[EventRounds "9"]
[EventCountry "DEN"]
[EventCategory "9"]
[SourceTitle "EXT 2013"]
[Source "ChessBase"]
[SourceDate "2012.11.22"]

1. c4 b6 2. g3 Bb7 3. Nf3 g6 4. Bg2 Bg7 5. d4 e6 6. Nc3 Nf6 7. O-O Ne4 8. Bd2
O-O 9. Rc1 d5 10. cxd5 exd5 11. Bf4 Nc6 12. Qa4 a6 13. Rfd1 b5 14. Qc2 Re8 15.
e3 Rc8 16. a3 f5 17. b4 Nb8 18. Be5 Bf8 19. Ne1 Bd6 20. Qb3 Nxc3 21. Rxc3 Bxe5
22. dxe5 c6 23. Nd3 Nd7 24. f4 Qb6 25. Nc5 Nxc5 26. Rxc5 a5 27. h4 a4 28. Qa2
Kg7 29. e4 fxe4 30. Bxe4 Rc7 31. Bd3 Bc8 32. Qc2 Rf7 33. Kg2 Bd7 34. h5 Re6 35.
Be2 g5 36. Bg4 gxf4 37. Bxe6 Bxe6 38. h6+ Kg8 39. Rxc6 Qe3 40. Rc8+ Bxc8 41.
Qxc8+ Rf8 42. Qg4+ Kf7 43. Qd7+ 1-0

[Event "Copenhagen BSF GM"]
[Site "Copenhagen"]
[Date "2012.10.14"]
[Round "4"]
[White "Hagen, Andreas Skytte"]
[Black "Andersen, Mads"]
[Result "1/2-1/2"]
[WhiteElo "2416"]
[BlackElo "2461"]
[PlyCount "77"]
[EventDate "2012.10.12"]
[EventType "tourn"]
[EventRounds "9"]
[EventCountry "DEN"]
[EventCategory "9"]
[SourceTitle "EXT 2013"]
[Source "ChessBase"]
[SourceDate "2012.11.22"]

1. d4 Nf6 2. c4 g6 3. Nc3 d5 4. Nf3 Bg7 5. cxd5 Nxd5 6. e4 Nxc3 7. bxc3 c5 8.
Rb1 O-O 9. Be2 cxd4 10. cxd4 Qa5+ 11. Bd2 Qxa2 12. O-O Bg4 13. Bg5 h6 14. Be3
Nc6 15. d5 Na5 16. Bc5 b6 17. Bxe7 Rfe8 18. d6 Nc6 19. Bb5 Nxe7 20. h3 Be6 21.
Bxe8 Rxe8 22. dxe7 Qa3 23. Nd4 Qxe7 24. Nxe6 Qxe6 25. Qa4 Re7 26. Rfd1 Qxe4 27.
Rd8+ Bf8 28. Qxe4 Rxe4 29. Ra8 Re2 30. g3 Kg7 31. Rxa7 Bc5 32. Rf1 Rc2 33. Raa1
h5 34. Kg2 g5 35. Rac1 Rd2 36. Rcd1 Rc2 37. Rc1 Rd2 38. Rcd1 Rc2 39. Rc1
1/2-1/2

[Event "Copenhagen BSF GM"]
[Site "Copenhagen"]
[Date "2012.10.15"]
[Round "6"]
[White "Hagen, Andreas Skytte"]
[Black "Ninov, Nikolai"]
[Result "0-1"]
[WhiteElo "2416"]
[BlackElo "2507"]
[PlyCount "48"]
[EventDate "2012.10.12"]
[EventType "tourn"]
[EventRounds "9"]
[EventCountry "DEN"]
[EventCategory "9"]
[SourceTitle "EXT 2013"]
[Source "ChessBase"]
[SourceDate "2012.11.22"]

1. d4 Nf6 2. c4 e6 3. Nf3 d5 4. Nc3 dxc4 5. e4 Bb4 6. Bxc4 Nxe4 7. O-O Nxc3 8.
bxc3 Bxc3 9. Rb1 c5 10. Bg5 Qc7 11. dxc5 Nd7 12. Qb3 Bf6 13. Bxe6 fxe6 14.
Qxe6+ Kf8 15. Rfe1 Ne5 16. Nd4 Qd8 17. Rxe5 Bxg5 18. Rbe1 Bxe6 19. Nxe6+ Kf7
20. Nxg5+ Kg8 21. Re7 h6 22. Nf7 Qd5 23. Nxh8 Kxh8 24. h3 Rc8 0-1

[Event "Copenhagen BSF GM"]
[Site "Copenhagen"]
[Date "2012.10.13"]
[Round "2"]
[White "Hagen, Andreas Skytte"]
[Black "Svane, Rasmus"]
[Result "1/2-1/2"]
[WhiteElo "2416"]
[BlackElo "2394"]
[PlyCount "81"]
[EventDate "2012.10.12"]
[EventType "tourn"]
[EventRounds "9"]
[EventCountry "DEN"]
[EventCategory "9"]
[SourceTitle "EXT 2013"]
[Source "ChessBase"]
[SourceDate "2012.11.22"]

1. d4 Nf6 2. c4 e6 3. Nc3 Bb4 4. e3 O-O 5. Bd3 d5 6. Nf3 c5 7. O-O cxd4 8. exd4
dxc4 9. Bxc4 b6 10. Bg5 Bb7 11. Qd3 Nbd7 12. Rad1 Bxc3 13. bxc3 Qc7 14. Bb3
Rfe8 15. Bh4 Be4 16. Qe3 Bd5 17. Ne5 Bxb3 18. axb3 Nd5 19. Qg3 Nxe5 20. dxe5
Nxc3 21. Rde1 Kh8 22. Kh1 Rac8 23. f4 Qd7 24. Re3 Nd5 25. Rd3 Qb5 26. Rfd1 Ne7
27. Bxe7 Rxe7 28. h3 h6 29. Kh2 Rec7 30. Qf3 Qc6 31. Rd8+ Rxd8 32. Rxd8+ Kh7
33. Qd3+ g6 34. h4 h5 35. Qg3 Rd7 36. Qg5 Rxd8 37. Qxd8 a5 38. Qe7 Kg8 39. Qd8+
Kh7 40. Qe7 Kg7 41. Qf6+ 1/2-1/2

[Event "Copenhagen BSF GM"]
[Site "Copenhagen"]
[Date "2012.10.15"]
[Round "7"]
[White "Mikkelsen, Nikolaj"]
[Black "Hagen, Andreas Skytte"]
[Result "1/2-1/2"]
[WhiteElo "2431"]
[BlackElo "2416"]
[PlyCount "77"]
[EventDate "2012.10.12"]
[EventType "tourn"]
[EventRounds "9"]
[EventCountry "DEN"]
[EventCategory "9"]
[SourceTitle "EXT 2013"]
[Source "ChessBase"]
[SourceDate "2012.11.22"]

1. e4 e5 2. Nf3 Nc6 3. Bc4 Bc5 4. c3 Nf6 5. d3 O-O 6. Nbd2 d5 7. exd5 Nxd5 8.
Ne4 Be7 9. O-O h6 10. Re1 Nf6 11. Ng3 Bd6 12. Bb3 Re8 13. h3 Be6 14. Nh2 Bxb3
15. axb3 Bf8 16. Qf3 Qd5 17. b4 Qxf3 18. Nxf3 a6 19. b5 axb5 20. Rxa8 Rxa8 21.
Nxe5 Nxe5 22. Rxe5 Bd6 23. Re1 Bxg3 24. fxg3 Rd8 25. Re3 Nd7 26. Kf2 Nc5 27.
Ke2 Kf8 28. Rf3 Ne6 29. Be3 Ra8 30. Rf1 Ra2 31. Rb1 Ke7 32. Kd2 Kd6 33. Kc2 c6
34. Rf1 f6 35. Re1 Kd7 36. Bf2 Kd6 37. Be3 Kd7 38. Bf2 Kd6 39. Be3 1/2-1/2

[Event "Copenhagen BSF GM"]
[Site "Copenhagen"]
[Date "2012.10.16"]
[Round "9"]
[White "Mikkelsen, Nikolaj"]
[Black "Richter, Michael"]
[Result "0-1"]
[WhiteElo "2431"]
[BlackElo "2460"]
[PlyCount "52"]
[EventDate "2012.10.12"]
[EventType "tourn"]
[EventRounds "9"]
[EventCountry "DEN"]
[EventCategory "9"]
[SourceTitle "EXT 2013"]
[Source "ChessBase"]
[SourceDate "2012.11.22"]

1. e4 e6 2. Qe2 c5 3. Nf3 Nc6 4. d3 Be7 5. g3 d5 6. Bg2 Nf6 7. O-O O-O 8. e5
Nd7 9. c4 dxc4 10. dxc4 Qc7 11. Re1 Nd4 12. Nxd4 cxd4 13. Bf4 Nc5 14. Nd2 Bd7
15. b4 Na4 16. Ne4 Nc3 17. Qh5 Nxe4 18. Rxe4 Qxc4 19. Rd1 Ba4 20. Rdxd4 Qxa2
21. h3 Rad8 22. Rxd8 Rxd8 23. Bg5 Bxg5 24. Qxg5 Rd1+ 25. Bf1 h6 26. Qg4 Qb1 0-1

[Event "Copenhagen BSF GM"]
[Site "Copenhagen"]
[Date "2012.10.13"]
[Round "2"]
[White "Mikkelsen, Nikolaj"]
[Black "Rusev, Krasimir"]
[Result "0-1"]
[WhiteElo "2431"]
[BlackElo "2549"]
[PlyCount "194"]
[EventDate "2012.10.12"]
[EventType "tourn"]
[EventRounds "9"]
[EventCountry "DEN"]
[EventCategory "9"]
[SourceTitle "EXT 2013"]
[Source "ChessBase"]
[SourceDate "2012.11.22"]

1. e4 e6 2. d3 c5 3. Nf3 Nc6 4. g3 g6 5. Bg5 Qb6 6. Nbd2 Qxb2 7. Nc4 Qg7 8. Rb1
f6 9. Bd2 Qe7 10. Qe2 Nh6 11. h4 Nf7 12. h5 g5 13. Ne3 d6 14. Bc3 Bg7 15. Bh3
O-O 16. O-O Nfe5 17. Nh2 Nd4 18. Qd1 f5 19. f4 Nec6 20. Bd2 g4 21. Bg2 Nd8 22.
c3 N4c6 23. Re1 Qf7 24. Nc4 Qc7 25. Nf1 Rb8 26. a4 Ne7 27. Nfe3 b6 28. Qe2 Bf6
29. e5 dxe5 30. fxe5 Bg7 31. Nxg4 fxg4 32. h6 Bh8 33. Qxg4+ Ng6 34. Be4 Rf5 35.
Nd6 Nf7 36. d4 cxd4 37. cxd4 Nxd6 38. exd6 Qxd6 39. Bf4 Qxd4+ 40. Kh1 Rxf4 41.
gxf4 Qf6 42. Rbd1 Kf7 43. Kg1 Qe7 44. f5 Qc5+ 45. Kh1 exf5 46. Rf1 Bf6 47. Qf3
Be6 48. Bd5 Re8 49. Bxe6+ Rxe6 50. Rd7+ Re7 51. Qb3+ Ke8 52. Rd5 Qc6 53. Qf3
Kf7 54. a5 bxa5 55. Qxf5 Re5 56. Qd7+ Qxd7 57. Rxd7+ Ne7 58. Rxa7 Rh5+ 59. Kg2
Rg5+ 60. Kf3 Kg6 61. Ke4 Re5+ 62. Kd3 Nc6 63. Rxf6+ Kxf6 64. Rxh7 Rh5 65. Kc4
Ke6 66. Rh8 Kd6 67. Kb3 Kc5 68. h7 Kb5 69. Ka3 Rh3+ 70. Kb2 Kb6 71. Ka2 Kb7 72.
Kb2 Ne5 73. Ka2 Nf7 74. Re8 Rxh7 75. Re6 Nd8 76. Rg6 Nc6 77. Ka3 Kb6 78. Rg5
Rh3+ 79. Ka4 Rh4+ 80. Ka3 Re4 81. Rg1 Kb5 82. Rg3 Ra4+ 83. Kb2 Rb4+ 84. Ka3 Ne5
85. Ka2 Re4 86. Rb3+ Kc5 87. Rb8 Nc4 88. Rb1 Re2+ 89. Ka1 Re3 90. Rh1 Ra3+ 91.
Kb1 Kb4 92. Rh5 Rf3 93. Ka2 Rf2+ 94. Kb1 a4 95. Rh3 Rf3 96. Rh2 Kb3 97. Rh1
Rf1+ 0-1

[Event "Copenhagen BSF GM"]
[Site "Copenhagen"]
[Date "2012.10.14"]
[Round "4"]
[White "Mikkelsen, Nikolaj"]
[Black "Skytte, Rasmus"]
[Result "1/2-1/2"]
[WhiteElo "2431"]
[BlackElo "2406"]
[PlyCount "33"]
[EventDate "2012.10.12"]
[EventType "tourn"]
[EventRounds "9"]
[EventCountry "DEN"]
[EventCategory "9"]
[SourceTitle "EXT 2013"]
[Source "ChessBase"]
[SourceDate "2012.11.22"]

1. e4 e6 2. d3 d5 3. Qe2 dxe4 4. dxe4 e5 5. Nf3 Nd7 6. c3 Bc5 7. Qc2 Ngf6 8.
Be2 O-O 9. O-O Re8 10. Nbd2 a5 11. h3 c6 12. Nc4 Qc7 13. Rd1 b6 14. Bg5 h6 15.
Bh4 b5 16. Ncd2 Nh5 17. Ne1 1/2-1/2

[Event "Copenhagen BSF GM"]
[Site "Copenhagen"]
[Date "2012.10.13"]
[Round "2"]
[White "Ninov, Nikolai"]
[Black "Andersen, Mads"]
[Result "1/2-1/2"]
[WhiteElo "2507"]
[BlackElo "2461"]
[PlyCount "35"]
[EventDate "2012.10.12"]
[EventType "tourn"]
[EventRounds "9"]
[EventCountry "DEN"]
[EventCategory "9"]
[SourceTitle "EXT 2013"]
[Source "ChessBase"]
[SourceDate "2012.11.22"]

1. e4 e5 2. Nf3 Nc6 3. d4 exd4 4. Nxd4 Nf6 5. Nc3 Bb4 6. Nxc6 bxc6 7. Bd3 d5 8.
exd5 cxd5 9. O-O O-O 10. Qf3 c6 11. h3 Be7 12. Bf4 Be6 13. Rad1 Bd6 14. Rfe1
Rb8 15. b3 Bxf4 16. Qxf4 Qa5 17. Qd2 Qc7 18. Ne2 1/2-1/2

[Event "Copenhagen BSF GM"]
[Site "Copenhagen"]
[Date "2012.10.15"]
[Round "7"]
[White "Ninov, Nikolai"]
[Black "Glud, Jakob Vang"]
[Result "1/2-1/2"]
[WhiteElo "2507"]
[BlackElo "2520"]
[PlyCount "159"]
[EventDate "2012.10.12"]
[EventType "tourn"]
[EventRounds "9"]
[EventCountry "DEN"]
[EventCategory "9"]
[SourceTitle "EXT 2013"]
[Source "ChessBase"]
[SourceDate "2012.11.22"]

1. e4 e5 2. Nf3 Nc6 3. d4 exd4 4. Nxd4 Bc5 5. Be3 Qf6 6. c3 Nge7 7. Qd2 O-O 8.
Nb5 Bxe3 9. Qxe3 d5 10. Nd2 dxe4 11. O-O-O Bf5 12. Nxe4 Bxe4 13. Qxe4 Qxf2 14.
Nxc7 Rad8 15. Bc4 Rxd1+ 16. Rxd1 Qc5 17. Nd5 Ng6 18. Bb3 Kh8 19. Bc2 Qf2 20.
Ne3 Nce5 21. Ng4 Nxg4 22. Qxg4 Kg8 23. Bxg6 Qe3+ 24. Rd2 hxg6 25. Qd4 Qe1+ 26.
Rd1 Qe2 27. Rd2 Qf1+ 28. Kc2 Qf5+ 29. Qd3 Qa5 30. Qd5 Qa4+ 31. Kb1 Re8 32. a3
Qa6 33. Ka2 Qb6 34. Rd4 Qc7 35. Qd7 Qb8 36. g3 b6 37. Rf4 Rf8 38. Re4 Rd8 39.
Qe7 Qa8 40. c4 a5 41. Rf4 Rf8 42. Qc7 Qa6 43. a4 f6 44. Re4 Rc8 45. Qd7 Rc5 46.
b3 Re5 47. Rxe5 fxe5 48. Qe6+ Kh7 49. Qh3+ Kg8 50. Qe6+ Kh7 51. Qxe5 Qa8 52.
Qd5 Qe8 53. Qd4 Qe2+ 54. Kb1 Qe1+ 55. Kc2 Qe2+ 56. Qd2 Qe4+ 57. Kc3 Qe5+ 58.
Kc2 Qe4+ 59. Kc1 Qe5 60. Kb1 Qe4+ 61. Ka2 Qe5 62. Qd3 Qe1 63. Qd4 Qe2+ 64. Ka3
Qe7+ 65. Ka2 Qe2+ 66. Qb2 Qe4 67. Qf2 Qe6 68. h4 Qd6 69. Qe3 Qc6 70. Kb2 Qf6+
71. Kc2 Qd6 72. Qd3 Qc5 73. Kb2 Qf2+ 74. Kc3 Qf6+ 75. Qd4 Qf3+ 76. Qd3 Qf6+ 77.
Kc2 Qf2+ 78. Kc1 Qe1+ 79. Kb2 Qf2+ 80. Kc3 1/2-1/2

[Event "Copenhagen BSF GM"]
[Site "Copenhagen"]
[Date "2012.10.16"]
[Round "9"]
[White "Ninov, Nikolai"]
[Black "Svane, Rasmus"]
[Result "1/2-1/2"]
[WhiteElo "2507"]
[BlackElo "2394"]
[PlyCount "48"]
[EventDate "2012.10.12"]
[EventType "tourn"]
[EventRounds "9"]
[EventCountry "DEN"]
[EventCategory "9"]
[SourceTitle "EXT 2013"]
[Source "ChessBase"]
[SourceDate "2012.11.22"]

1. e4 e6 2. d4 d5 3. Nc3 Nf6 4. exd5 exd5 5. Bg5 Be7 6. Bd3 Nc6 7. Nge2 Nb4 8.
O-O c6 9. Ng3 Nxd3 10. Qxd3 O-O 11. Rae1 h6 12. Bf4 Re8 13. Nf5 Bxf5 14. Qxf5
Qd7 15. Qxd7 Nxd7 16. Nd1 h5 17. f3 Bh4 18. Bg3 Bg5 19. Rxe8+ Rxe8 20. Re1
Rxe1+ 21. Bxe1 Nb6 22. b3 Kf8 23. Kf2 Ke7 24. Nb2 Bh4+ 1/2-1/2

[Event "Copenhagen BSF GM"]
[Site "Copenhagen"]
[Date "2012.10.15"]
[Round "6"]
[White "Richter, Michael"]
[Black "Andersen, Mads"]
[Result "1-0"]
[WhiteElo "2460"]
[BlackElo "2461"]
[PlyCount "93"]
[EventDate "2012.10.12"]
[EventType "tourn"]
[EventRounds "9"]
[EventCountry "DEN"]
[EventCategory "9"]
[SourceTitle "EXT 2013"]
[Source "ChessBase"]
[SourceDate "2012.11.22"]

1. d4 d5 2. c4 c6 3. Nc3 Nf6 4. cxd5 cxd5 5. Nf3 Nc6 6. Bf4 Bf5 7. e3 e6 8. Qb3
Bb4 9. Ne5 Qa5 10. Nxc6 bxc6 11. a3 Bxc3+ 12. Qxc3 Qxc3+ 13. bxc3 Ne4 14. f3
Nxc3 15. Rc1 Nb5 16. a4 Na3 17. Rxc6 Nc2+ 18. Kd2 Nb4 19. Rc3 f6 20. Bb5+ Kf7
21. Rc7+ Kg8 22. g4 Bg6 23. Rhc1 h5 24. Rb7 Kh7 25. Rcc7 Rhg8 26. a5 hxg4 27.
fxg4 Rac8 28. Bd6 a6 29. Be2 Nc6 30. Rxc8 Rxc8 31. Rc7 Rxc7 32. Bxc7 e5 33. Kc3
Be4 34. Bxa6 Bf3 35. Bb5 exd4+ 36. exd4 Nxa5 37. Bxa5 Bxg4 38. Kb4 Kg6 39. Kc5
Kg5 40. Kxd5 Kh4 41. Bf1 g5 42. Kd6 f5 43. d5 f4 44. Be1+ Kh5 45. Ke7 Bf5 46.
d6 Kg4 47. Bc4 1-0

[Event "Copenhagen BSF GM"]
[Site "Copenhagen"]
[Date "2012.10.13"]
[Round "3"]
[White "Richter, Michael"]
[Black "Danielsen, Henrik"]
[Result "1/2-1/2"]
[WhiteElo "2460"]
[BlackElo "2524"]
[PlyCount "128"]
[EventDate "2012.10.12"]
[EventType "tourn"]
[EventRounds "9"]
[EventCountry "DEN"]
[EventCategory "9"]
[SourceTitle "EXT 2013"]
[Source "ChessBase"]
[SourceDate "2012.11.22"]

1. d4 d6 2. Nf3 Nf6 3. c4 g6 4. Nc3 Bf5 5. g3 Bg7 6. Bg2 c6 7. O-O O-O 8. Nh4
Be6 9. d5 cxd5 10. cxd5 Bd7 11. Be3 Na6 12. Bd4 Qa5 13. a3 Rfc8 14. b4 Qd8 15.
Qd3 Ng4 16. Bxg7 Kxg7 17. Nf3 Qb6 18. Rac1 Rc7 19. h3 Nf6 20. Nd4 Rac8 21. e3
Nb8 22. Rc2 Qa6 23. Qxa6 Nxa6 24. Rfc1 e5 25. dxe6 fxe6 26. Nce2 e5 27. Rxc7
Rxc7 28. Rxc7 Nxc7 29. Nb3 b6 30. Nc3 g5 31. Nd2 d5 32. Nf3 e4 33. Nd4 h5 34.
h4 Kg6 35. Bf1 Nfe8 36. Be2 Nd6 37. Bd1 Bb5 38. a4 Bc4 39. Nc6 a6 40. Ne5+ Kf6
41. Nd7+ Ke6 42. Nxb6 g4 43. Ne2 Bxe2 44. Bxe2 Nde8 45. a5 Nf6 46. Kf1 Ke5 47.
Na4 Nd7 48. Ke1 d4 49. exd4+ Kxd4 50. Kd2 Ne5 51. Nc5 Nf3+ 52. Kc2 Nd5 53. Nxa6
e3 54. fxe3+ Nxe3+ 55. Kb2 Nf5 56. b5 Nd6 57. b6 Nb7 58. Nc7 Nxa5 59. Ne6+ Ke3
60. Nf4 Kf2 61. Ba6 Kxg3 62. Nxh5+ Kxh4 63. Nf4 Ne5 64. b7 Nxb7 1/2-1/2